Ricardo's day / (Record no. 6588)

MARC details
000 -LEADER
fixed length control field 01462pam a2200325 a 4500
001 - CONTROL NUMBER
control field 6588
003 - CONTROL NUMBER IDENTIFIER
control field FISKH
005 - DATE AND TIME OF LATEST TRANSACTION
control field 20250513084427.0
008 - FIXED-LENGTH DATA ELEMENTS--GENERAL INFORMATION
fixed length control field 940105s1995 nyua j 000 0 eng
010 ## - LIBRARY OF CONGRESS CONTROL NUMBER
LC control number 94000725
020 ## - INTERNATIONAL STANDARD BOOK NUMBER
International Standard Book Number 0590292579
020 ## - INTERNATIONAL STANDARD BOOK NUMBER
International Standard Book Number 9780439263290
040 ## - CATALOGING SOURCE
Original cataloging agency DLC
Transcribing agency DLC
Modifying agency DLC
Language of cataloging eng
050 ## - LIBRARY OF CONGRESS CALL NUMBER
Classification number LB1140.A62
082 ## - DEWEY DECIMAL CLASSIFICATION NUMBER
Classification number 372.216
100 1# - MAIN ENTRY--PERSONAL NAME
Personal name Ancona, George.
245 10 - TITLE STATEMENT
Title Ricardo's day /
Statement of responsibility, etc. written and photographed by George Ancona.
260 ## - PUBLICATION, DISTRIBUTION, ETC.
Place of publication, distribution, etc. New York :
Name of publisher, distributor, etc. Scholastic,
Date of publication, distribution, etc. 1995.
300 ## - PHYSICAL DESCRIPTION
Extent 32 pages :
Other physical details color illustrations ;
Dimensions 26 cm
505 ## - FORMATTED CONTENTS NOTE
Formatted contents note J<br/>
520 ## - SUMMARY, ETC.
Summary, etc. Spend a day at school with Ricardo, a little Hispanic boy who lives in El Paso, Texas. His mother drops him off in the morning on her way to work. And while Ricardo misses her when she is gone, there are plenty of fun things to do and learn in Mrs. Peña's classroom. He looks at bugs under a microscope, and feeds the class pet, a bunny named Tito. He dances the hokey-pokey with his friends and makes music with a set of maracas. There's recess and snack-time, and later on Ricardo finds a quiet place where he can sit and read until his grandfather comes to take him home.
521 8# - TARGET AUDIENCE NOTE
Target audience note 480<br/>
Source Lexile<br/>
521 8# - TARGET AUDIENCE NOTE
Target audience note J<br/>
Source Raz-Plus<br/>
650 #0 - SUBJECT ADDED ENTRY--TOPICAL TERM
Topical term or geographic name entry element Nursery schools
General subdivision Pictorial works
-- Juvenile literature.
650 #1 - SUBJECT ADDED ENTRY--TOPICAL TERM
Topical term or geographic name entry element Preschools.
650 #1 - SUBJECT ADDED ENTRY--TOPICAL TERM
Topical term or geographic name entry element Schools.
906 ## - LOCAL DATA ELEMENT F, LDF (RLIN)
a 7
b cbc
c orignew
d 1
e ocip
f 19
g y-gencatlg
942 ## - ADDED ENTRY ELEMENTS (KOHA)
Source of classification or shelving scheme Dewey Decimal Classification
Koha item type Books
Suppress in OPAC No
Holdings
Withdrawn status Lost status Source of classification or shelving scheme Damaged status Not for loan Collection Home library Current library Shelving location Date acquired Total Checkouts Full call number Barcode Date due Date last seen Date last checked out Copy number Price effective from Koha item type
    Dewey Decimal Classification     Non-Fiction Footprints International School Library Network Toul Kork Campus Footprints International School Library Network Toul Kork Campus TK Primary Library Room(4th Floor), Bookcase 1&2, Shelves 1-16, Dark Blue Books 05/13/2025 1 ANC 372.216 LB1140.A62 FISBK06018 05/07/2026 04/23/2026 04/23/2026 1 05/13/2025 Books